<?xml version="1.0" encoding="UTF-8"?>
<marc:record xmlns:marc="http://www.loc.gov/MARC21/slim">
   <marc:leader>00000nam a2200000 a 4500</marc:leader>
   <marc:datafield ind1="1" ind2=" " tag="100">
      <marc:subfield code="a">Pirlo, Andrea</marc:subfield>
      <marc:subfield code="4">aut</marc:subfield>
      <marc:subfield code="e">Verfasser/-in</marc:subfield>
   </marc:datafield>
   <marc:datafield ind1="1" ind2=" " tag="100">
      <marc:subfield code="a">Pirlo, Andrea</marc:subfield>
   </marc:datafield>
   <marc:datafield ind1=" " ind2=" " tag="653">
      <marc:subfield code="a">Pirlo</marc:subfield>
   </marc:datafield>
   <marc:datafield ind1=" " ind2=" " tag="653">
      <marc:subfield code="a">Andrea</marc:subfield>
   </marc:datafield>
   <marc:datafield ind1=" " ind2=" " tag="653">
      <marc:subfield code="a">Softcover / Sachbücher/Politik</marc:subfield>
   </marc:datafield>
   <marc:datafield ind1=" " ind2=" " tag="653">
      <marc:subfield code="a">Gesellschaft</marc:subfield>
   </marc:datafield>
   <marc:datafield ind1=" " ind2=" " tag="653">
      <marc:subfield code="a">Wirtschaft/Biographien</marc:subfield>
   </marc:datafield>
   <marc:datafield ind1=" " ind2=" " tag="653">
      <marc:subfield code="a">Autobiographien</marc:subfield>
   </marc:datafield>
   <marc:datafield ind1=" " ind2=" " tag="653">
      <marc:subfield code="a">Autobiografie</marc:subfield>
   </marc:datafield>
   <marc:datafield ind1=" " ind2=" " tag="653">
      <marc:subfield code="a">Autobiographie</marc:subfield>
   </marc:datafield>
   <marc:datafield ind1="0" ind2="0" tag="245">
      <marc:subfield code="a">Ich denke, also spiele ich</marc:subfield>
   </marc:datafield>
   <marc:datafield ind1="0" ind2="0" tag="245">
      <marc:subfield code="c">Andrea Pirlo. Mit Alessandro Alciato. [Übers.: Elisabeth Liebl</marc:subfield>
   </marc:datafield>
   <marc:datafield ind1=" " ind2="1" tag="264">
      <marc:subfield code="a">München</marc:subfield>
      <marc:subfield code="b">riva</marc:subfield>
      <marc:subfield code="c">2015</marc:subfield>
   </marc:datafield>
   <marc:datafield ind1=" " ind2=" " tag="250">
      <marc:subfield code="a">1. Aufl.</marc:subfield>
   </marc:datafield>
   <marc:datafield ind1="1" ind2=" " tag="520">
      <marc:subfield code="a">Angaben aus der Verlagsmeldung

Ich denke, also spiele ich / von Andrea Pirlo, Alessandro Alciato

Andrea Pirlo ist einer der besten Fußballer seiner Generation – ein Weltmeister und Champions-League-Sieger, talentierter Spielmacher und begnadeter Freistoßschütze. Dies ist seine Geschichte, die in seinen Worten erzählt wird. Geschrieben mit der Art Tiefgang und Humor, die man bei ihm, dem Präzisionsfußballer und Regisseur auf dem Spielfeld, nicht vermuten würde. Er schreibt über all die großen Namen – Lippi, Ancelotti, Conte, Seedorf, Buffon, Kaka, Nesta, Balotelli, Gattuso und Ronaldo – aus einer ganz neuen, bislang unbekannten Perspektive. So erzählt er zum Beispiel, wie Berlusconi am Piano sitzt und Witze erzählt oder wie Pirlo und Daniele de Rossi Nestas Zorn auf sich ziehen, indem sie mit ihm vor dem Halbfinale einer WM in einem Mietwagen durch die deutsche Landschaft gurken. Mit privaten und einzigartigen Einblicken in das Leben des Fußballgenies Pirlo ist dieses Buch ein Tribut an eines der größten Talente unserer Zeit, dessen letztes Kapitel noch lange nicht geschrieben ist.
</marc:subfield>
   </marc:datafield>
   <marc:datafield ind1=" " ind2=" " tag="020">
      <marc:subfield code="a">9783868835571</marc:subfield>
      <marc:subfield code="9">9783868835571</marc:subfield>
   </marc:datafield>
   <marc:datafield ind1=" " ind2=" " tag="020">
      <marc:subfield code="a">3868835571</marc:subfield>
      <marc:subfield code="9">3868835571</marc:subfield>
   </marc:datafield>
   <marc:datafield ind1=" " ind2=" " tag="041">
      <marc:subfield code="a">ger</marc:subfield>
   </marc:datafield>
   <marc:datafield ind1=" " ind2=" " tag="300">
      <marc:subfield code="a">160 S.</marc:subfield>
   </marc:datafield>
</marc:record>
